000 00874nam a2200253Ia 4500
003 OSt
005 20221005102832.0
006 a|||||r|||| 00| 0
007 ta
008 221004b |||||||| |||| 00| 0 hin d
024 _a29384
037 _cTextual
040 _aCRL
_cCRL
_bhin
041 _2hin
_ahin
082 _aW,8, 152L9
100 _aअवस्थी, अमरेश्वर
245 0 _aलोक प्रशासन
246 _aLok prashāsana
260 _aआगरा
_bलक्ष्मीनारायण अग्रवाल भारत
_c1979
300 _a709 पृ.
_ccm.
700 _a माहेश्वरी, श्रीराम
942 _hW,8, 152L9
_cTEXL
_2cc
999 _c1009026
_d1009026